[Event "DVM U12 2018"]
[Site "Magdeburg GER"]
[Date "2018.12.29"]
[Round "5"]
[White "Sassenscheidt, Julius"]
[Black "Wagner, Ben"]
[Result "1-0"]
[Termination "normal"]
[Board "10.3"]
[WhiteElo "1034"]
[BlackElo "1194"]
[WhiteTeam "DJK Arminia Eilendorf"]
[BlackTeam "Muldental Wilkau-Haßlau"]
[PlyCount "159"]
[WhiteFideId "16258509"]
[BlackFideId "16262298"]
[EventCountry "GER"]
[EventRounds "7"]
[EventType "team-swiss"]
[EventDate "2018.12.26"]

1. c4 d6 2. Nc3 Nf6 3. Nf3 g6 4. e3 Bg7 5. d4 O-O 6. Be2 Be6 7. O-O c6 8. b3
Na6 9. Bb2 Nc7 10. Qc2 Qd7 11. Rad1 Rad8 12. Rfe1 Qc8 13. Ba3 Rd7 14. c5 d5 15.
Ne5 Rdd8 16. Qd2 Rfe8 17. Rb1 Rf8 18. b4 a6 19. Bc1 Bf5 20. Rb2 Ne4 21. Nxe4
Bxe4 22. Nd3 Bxd3 23. Qxd3 Rd7 24. Rd1 e5 25. a4 exd4 26. exd4 Re7 27. Bg5 f6
28. Be3 Rfe8 29. h3 Qb8 30. Bf4 Qc8 31. Bg4 f5 32. Bf3 Re1+ 33. Rxe1 Rxe1+ 34.
Kh2 Re8 35. Bd6 Ne6 36. Be5 Bxe5+ 37. dxe5 Ng5 38. Re2 Nxf3+ 39. Qxf3 Qc7 40.
Qe3 a5 41. bxa5 Qxa5 42. Qd4 Qc7 43. f4 Re6 44. Qa1 Qd7 45. Qd4 Kg7 46. Kg3 Kh6
47. h4 Qc7 48. Qb4 Qb8 49. Rb2 b5 50. axb5 cxb5 51. Qxb5 Qxb5 52. Rxb5 d4 53.
Rb4 d3 54. Rd4 Rc6 55. Rxd3 Rxc5 56. Kf3 Rc8 57. g4 Kg7 58. gxf5 gxf5 59. Kg3
h5 60. Kh3 Rc6 61. Rg3+ Kh6 62. Rg2 Re6 63. Rg5 Rg6 64. Kg3 Rxg5+ 65. fxg5+ Kg6
66. Kf4 Kf7 67. Kxf5 Kf8 68. Kf6 Kg8 69. Ke7 Kg7 70. Kd7 Kg6 71. e6 Kh7 72. e7
Kg7 73. e8=Q Kh7 74. Qe7+ Kg6 75. Qf6+ Kh7 76. Qf7+ Kh8 77. Qe7 Kg8 78. Ke6 Kh8
79. Kf6 Kg8 80. Qg7# 1-0

[Event "DVM U12 2018"]
[Site "Magdeburg GER"]
[Date "2018.12.29"]
[Round "5"]
[White "Otto, Kian"]
[Black "Klein, Emil"]
[Result "1-0"]
[Termination "normal"]
[Board "10.4"]
[WhiteElo "1101"]
[BlackElo "1043"]
[WhiteTeam "Muldental Wilkau-Haßlau"]
[BlackTeam "DJK Arminia Eilendorf"]
[PlyCount "79"]
[BlackFideId "16275268"]
[EventCountry "GER"]
[EventRounds "7"]
[EventType "team-swiss"]
[EventDate "2018.12.26"]

1. e4 e5 2. Nf3 Nc6 3. Bc4 Bc5 4. Nc3 Nf6 5. d3 d6 6. Bg5 Bg4 7. h3 Bh5 8. g4
Bg6 9. Qd2 h6 10. Bh4 Bb4 11. O-O-O Nd4 12. Nh2 Bxc3 13. bxc3 Nc6 14. Rhg1 Qe7
15. Nf3 O-O-O 16. Bd5 Kd7 17. Kb1 Rb8 18. Qc1 Nd8 19. Qa3 c6 20. Bb3 Bh7 21. g5
hxg5 22. Bxg5 Ne6 23. Bxf6 Qxf6 24. Nd2 Nf4 25. Rh1 Ne2 26. Kb2 Qxf2 27. Nc4
Qf6 28. Rhf1 Qe7 29. Ne3 g6 30. Rxf7 Qxf7 31. Bxf7 Rhf8 32. Bb3 Rf3 33. Nc4 Rf6
34. Qxa7 Rff8 35. Qa3 c5 36. Qa4+ b5 37. Qa7+ Kc8 38. Nxd6+ Kd8 39. Be6 Nxc3
40. Qd7# 1-0

[Event "DVM U12 2018"]
[Site "Magdeburg GER"]
[Date "2018.12.29"]
[Round "6"]
[White "Garner, Isaac"]
[Black "Bolz, Jannis"]
[Result "1-0"]
[Termination "normal"]
[Board "1.1"]
[WhiteElo "1852"]
[BlackElo "1447"]
[WhiteClock "00:25:49"]
[BlackClock "00:58:42"]
[WhiteTeam "Hamburger SK"]
[BlackTeam "DJK Aufwärts St. Josef Aachen"]
[PlyCount "69"]
[WhiteFideId "16239261"]
[BlackFideId "16214897"]
[EventCountry "GER"]
[EventRounds "7"]
[EventType "team-swiss"]
[EventDate "2018.12.26"]

1. e4 {[%clk 1:30:57]} e5 {[%clk 1:30:54]} 2. Nf3 {[%clk 1:31:23]} Nc6 {[%clk
1:31:19]} 3. Bc4 {[%clk 1:31:48]} Bc5 {[%clk 1:31:38]} 4. c3 {[%clk 1:32:13]}
Nf6 {[%clk 1:31:09]} 5. d3 {[%clk 1:32:37]} a6 {[%clk 1:31:04]} 6. O-O {[%clk
1:32:55]} Ba7 {[%clk 1:30:14]} 7. Nbd2 {[%clk 1:31:55]} d6 {[%clk 1:29:55]} 8.
Bb3 {[%clk 1:31:29]} O-O {[%clk 1:29:14]} 9. h3 {[%clk 1:31:45]} Be6 {[%clk
1:29:33]} 10. Bxe6 {[%clk 1:29:40]} fxe6 {[%clk 1:29:21]} 11. Nc4 {[%clk
1:27:53]} h6 {[%clk 1:27:27]} 12. Be3 {[%clk 1:24:41]} Ne7 {[%clk 1:26:37]} 13.
Re1 {[%clk 1:17:01]} b5 {[%clk 1:22:17]} 14. Bxa7 {[%clk 1:15:44]} bxc4 {[%clk
1:21:47]} 15. Be3 {[%clk 1:15:34]} cxd3 {[%clk 1:22:05]} 16. Qxd3 {[%clk
1:15:51]} Ng6 {[%clk 1:21:53]} 17. g3 {[%clk 1:06:36]} d5 {[%clk 1:17:06]} 18.
Nd2 {[%clk 1:04:14]} dxe4 {[%clk 1:17:04]} 19. Qc2 {[%clk 0:58:33]} Qd3 {[%clk
1:16:33]} 20. Qb3 {[%clk 0:57:26]} Nd5 {[%clk 1:12:51]} 21. Rad1 {[%clk
0:53:06]} Rab8 {[%clk 1:10:48]} 22. Qa4 {[%clk 0:51:11]} Nxe3 {[%clk 1:09:24]}
23. Rxe3 {[%clk 0:51:17]} Qb5 {[%clk 1:09:34]} 24. Qxb5 {[%clk 0:39:13]} Rxb5
{[%clk 1:09:40]} 25. Nc4 {[%clk 0:38:53]} Rd5 {[%clk 1:09:14]} 26. Rde1 {[%clk
0:38:13]} Rf5 {[%clk 1:01:23]} 27. Rxe4 {[%clk 0:37:14]} Kf7 {[%clk 1:00:00]}
28. Ne3 {[%clk 0:34:56]} Rb5 {[%clk 0:59:15]} 29. Nxf5 {[%clk 0:34:27]} exf5
{[%clk 0:59:17]} 30. Rb4 {[%clk 0:32:34]} Ra5 {[%clk 0:59:18]} 31. Rb7 {[%clk
0:28:48]} Rxa2 {[%clk 0:58:42]} 32. Rxc7+ {[%clk 0:29:09]} Kf6 {[%clk 0:59:05]}
33. Rd1 {[%clk 0:25:57]} Rxb2 {[%clk 0:58:23]} 34. Rd6+ {[%clk 0:25:30]} Kg5
{[%clk 0:58:42]} 35. Rxg7 {[%clk 0:25:49]} 1-0

[Event "DVM U12 2018"]
[Site "Magdeburg GER"]
[Date "2018.12.29"]
[Round "6"]
[White "Baltic, Sara"]
[Black "Huo, Da"]
[Result "0-1"]
[Termination "normal"]
[Board "1.2"]
[WhiteElo "1529"]
[BlackElo "1661"]
[WhiteClock "00:06:42"]
[BlackClock "01:10:45"]
[WhiteTeam "DJK Aufwärts St. Josef Aachen"]
[BlackTeam "Hamburger SK"]
[PlyCount "72"]
[WhiteFideId "16210409"]
[BlackFideId "16221206"]
[EventCountry "GER"]
[EventRounds "7"]
[EventType "team-swiss"]
[EventDate "2018.12.26"]

1. e4 {[%clk 1:30:58]} c5 {[%clk 1:30:55]} 2. Nf3 {[%clk 1:31:22]} d6 {[%clk
1:31:10]} 3. d4 {[%clk 1:31:43]} cxd4 {[%clk 1:31:36]} 4. Nxd4 {[%clk 1:32:04]}
Nf6 {[%clk 1:32:02]} 5. Nc3 {[%clk 1:32:22]} a6 {[%clk 1:32:19]} 6. g3 {[%clk
1:32:30]} b5 {[%clk 1:32:35]} 7. a3 {[%clk 1:25:18]} Bb7 {[%clk 1:32:24]} 8.
Bg2 {[%clk 1:25:08]} Nbd7 {[%clk 1:31:51]} 9. O-O {[%clk 1:22:34]} e6 {[%clk
1:32:10]} 10. Re1 {[%clk 1:19:38]} Qc7 {[%clk 1:24:17]} 11. Bg5 {[%clk
1:06:44]} Be7 {[%clk 1:23:04]} 12. Bxf6 {[%clk 1:02:04]} Nxf6 {[%clk 1:22:22]}
13. Qd3 {[%clk 1:00:43]} O-O {[%clk 1:20:31]} 14. Rac1 {[%clk 0:57:19]} Rac8
{[%clk 1:17:34]} 15. Re2 {[%clk 0:46:09]} Nd7 {[%clk 1:16:50]} 16. Nb3 {[%clk
0:44:54]} Ne5 {[%clk 1:16:57]} 17. Qd1 {[%clk 0:43:32]} Nc4 {[%clk 1:16:29]}
18. Rb1 {[%clk 0:42:52]} Nxa3 {[%clk 1:16:15]} 19. bxa3 {[%clk 0:39:57]} Qxc3
{[%clk 1:16:35]} 20. Qd3 {[%clk 0:36:03]} Qxd3 {[%clk 1:15:59]} 21. cxd3 {[%clk
0:36:03]} Rc3 {[%clk 1:15:53]} 22. Rd2 {[%clk 0:34:26]} Rfc8 {[%clk 1:15:22]}
23. Bf1 {[%clk 0:31:44]} d5 {[%clk 1:14:52]} 24. exd5 {[%clk 0:20:49]} Bxd5
{[%clk 1:15:03]} 25. Nd4 {[%clk 0:20:11]} Bxa3 {[%clk 1:14:20]} 26. Ne2 {[%clk
0:19:11]} Rc2 {[%clk 1:14:24]} 27. Rxc2 {[%clk 0:18:10]} Rxc2 {[%clk 1:14:53]}
28. Nd4 {[%clk 0:17:16]} Rd2 {[%clk 1:12:38]} 29. Nb3 {[%clk 0:13:45]} Bxb3
{[%clk 1:12:19]} 30. Rxb3 {[%clk 0:13:46]} Bc5 {[%clk 1:12:40]} 31. Rb1 {[%clk
0:12:50]} Rxf2 {[%clk 1:12:43]} 32. Kh1 {[%clk 0:12:57]} h5 {[%clk 1:12:20]}
33. Bg2 {[%clk 0:11:01]} b4 {[%clk 1:12:31]} 34. Rc1 {[%clk 0:10:04]} Bd4
{[%clk 1:11:05]} 35. Bb7 {[%clk 0:07:36]} b3 {[%clk 1:10:23]} 36. Bxa6 {[%clk
0:06:42]} b2 {[%clk 1:10:45]} 0-1

[Event "DVM U12 2018"]
[Site "Magdeburg GER"]
[Date "2018.12.29"]
[Round "6"]
[White "Genov, Valentin"]
[Black "Aravindan, Midhulan"]
[Result "1-0"]
[Termination "normal"]
[Board "1.3"]
[WhiteTitle "CM"]
[WhiteElo "1743"]
[BlackElo "1511"]
[WhiteClock "01:05:02"]
[BlackClock "00:49:39"]
[WhiteTeam "Hamburger SK"]
[BlackTeam "DJK Aufwärts St. Josef Aachen"]
[PlyCount "99"]
[WhiteFideId "2919745"]
[BlackFideId "16237250"]
[EventCountry "GER"]
[EventRounds "7"]
[EventType "team-swiss"]
[EventDate "2018.12.26"]

1. d4 {[%clk 1:30:57]} Nf6 {[%clk 1:30:52]} 2. c4 {[%clk 1:31:21]} e6 {[%clk
1:31:15]} 3. Nc3 {[%clk 1:31:30]} Bb4 {[%clk 1:31:28]} 4. f3 {[%clk 1:31:54]}
O-O {[%clk 1:31:20]} 5. e4 {[%clk 1:30:22]} d6 {[%clk 1:30:34]} 6. Be3 {[%clk
1:30:08]} b6 {[%clk 1:29:22]} 7. Bd3 {[%clk 1:27:57]} Bb7 {[%clk 1:28:33]} 8.
Nge2 {[%clk 1:28:05]} Nbd7 {[%clk 1:27:52]} 9. O-O {[%clk 1:27:55]} Re8 {[%clk
1:26:49]} 10. a3 {[%clk 1:26:36]} Bxc3 {[%clk 1:26:26]} 11. Nxc3 {[%clk
1:26:50]} a6 {[%clk 1:26:10]} 12. f4 {[%clk 1:17:21]} c5 {[%clk 1:22:24]} 13.
e5 {[%clk 1:13:01]} cxd4 {[%clk 1:16:49]} 14. Bxd4 {[%clk 1:13:24]} dxe5 {[%clk
1:16:46]} 15. fxe5 {[%clk 1:13:42]} Nf8 {[%clk 1:16:54]} 16. Kh1 {[%clk
1:05:40]} Qxd4 {[%clk 1:11:33]} 17. Bxh7+ {[%clk 1:05:51]} N8xh7 {[%clk
1:11:47]} 18. Qxd4 {[%clk 1:06:14]} Rab8 {[%clk 1:07:41]} 19. exf6 {[%clk
1:06:15]} Nxf6 {[%clk 1:07:29]} 20. Rad1 {[%clk 1:06:07]} e5 {[%clk 1:05:43]}
21. Qh4 {[%clk 1:03:40]} e4 {[%clk 1:04:49]} 22. Nd5 {[%clk 1:03:38]} Nxd5
{[%clk 1:04:11]} 23. cxd5 {[%clk 1:03:58]} e3 {[%clk 1:03:25]} 24. Rfe1 {[%clk
1:03:37]} f6 {[%clk 0:59:08]} 25. d6 {[%clk 1:00:57]} Rbd8 {[%clk 0:57:24]} 26.
d7 {[%clk 1:01:07]} Re4 {[%clk 0:55:58]} 27. Qg3 {[%clk 1:00:24]} e2 {[%clk
0:55:30]} 28. Rd2 {[%clk 1:00:04]} Kf8 {[%clk 0:53:21]} 29. Qd6+ {[%clk
1:00:17]} Kg8 {[%clk 0:53:26]} 30. Qc7 {[%clk 1:00:31]} Rf4 {[%clk 0:48:55]}
31. Qxf4 {[%clk 1:00:36]} Bc6 {[%clk 0:47:12]} 32. Qc7 {[%clk 1:00:51]} Rxd7
{[%clk 0:47:22]} 33. Rxd7 {[%clk 1:00:44]} Bxd7 {[%clk 0:47:47]} 34. Rxe2
{[%clk 1:00:47]} Bb5 {[%clk 0:47:32]} 35. Re7 {[%clk 1:00:54]} Kh7 {[%clk
0:46:24]} 36. Qc2+ {[%clk 1:01:12]} Kg8 {[%clk 0:46:40]} 37. Qb3+ {[%clk
1:01:34]} Kh7 {[%clk 0:46:43]} 38. Qf7 {[%clk 1:02:00]} Kh6 {[%clk 0:47:00]}
39. Qxg7+ {[%clk 1:01:23]} Kh5 {[%clk 0:47:20]} 40. g4+ {[%clk 1:01:45]} Kh4
{[%clk 0:47:39]} 41. Qxf6+ {[%clk 1:02:08]} Kxg4 {[%clk 0:47:32]} 42. h3+
{[%clk 1:02:03]} Kxh3 {[%clk 0:47:47]} 43. Rh7+ {[%clk 1:02:22]} Kg3 {[%clk
0:48:10]} 44. Rg7+ {[%clk 1:02:42]} Kh3 {[%clk 0:48:28]} 45. Qf3+ {[%clk
1:03:03]} Kh4 {[%clk 0:48:52]} 46. Rg4+ {[%clk 1:03:17]} Kh5 {[%clk 0:48:44]}
47. Qf5+ {[%clk 1:03:44]} Kh6 {[%clk 0:49:00]} 48. Rg6+ {[%clk 1:04:10]} Kh7
{[%clk 0:49:19]} 49. Qf7+ {[%clk 1:04:35]} Kh8 {[%clk 0:49:39]} 50. Rh6# {[%clk
1:05:02]} 1-0

[Event "DVM U12 2018"]
[Site "Magdeburg GER"]
[Date "2018.12.29"]
[Round "6"]
[White "Frecker, Bennit"]
[Black "Fuhrmann, Bahne"]
[Result "0-1"]
[Termination "normal"]
[Board "1.4"]
[WhiteElo "1295"]
[BlackElo "1584"]
[WhiteClock "00:34:48"]
[BlackClock "00:33:43"]
[WhiteTeam "DJK Aufwärts St. Josef Aachen"]
[BlackTeam "Hamburger SK"]
[PlyCount "92"]
[WhiteFideId "16258444"]
[BlackFideId "16244842"]
[EventCountry "GER"]
[EventRounds "7"]
[EventType "team-swiss"]
[EventDate "2018.12.26"]

1. e4 {[%clk 1:30:59]} e5 {[%clk 1:30:53]} 2. Nf3 {[%clk 1:31:25]} Nc6 {[%clk
1:31:18]} 3. Bc4 {[%clk 1:31:50]} Bc5 {[%clk 1:31:43]} 4. c3 {[%clk 1:32:02]}
Nf6 {[%clk 1:31:42]} 5. d4 {[%clk 1:32:20]} exd4 {[%clk 1:32:04]} 6. cxd4
{[%clk 1:32:45]} Bb4+ {[%clk 1:32:23]} 7. Nc3 {[%clk 1:32:34]} Nxe4 {[%clk
1:32:28]} 8. O-O {[%clk 1:32:36]} Bxc3 {[%clk 1:32:14]} 9. d5 {[%clk 1:32:53]}
Ne5 {[%clk 1:31:46]} 10. bxc3 {[%clk 1:33:06]} Nxc4 {[%clk 1:31:17]} 11. Qd4
{[%clk 1:33:23]} O-O {[%clk 1:30:40]} 12. Qxe4 {[%clk 1:32:56]} Nd6 {[%clk
1:30:19]} 13. Qg4 {[%clk 1:32:07]} Qf6 {[%clk 1:29:13]} 14. Bb2 {[%clk
1:30:26]} Nf5 {[%clk 1:26:11]} 15. Rfe1 {[%clk 1:27:48]} d6 {[%clk 1:24:53]}
16. Qc4 {[%clk 1:23:50]} Ne7 {[%clk 1:22:52]} 17. Qb3 {[%clk 1:20:49]} Re8
{[%clk 1:19:53]} 18. c4 {[%clk 1:18:28]} Qg6 {[%clk 1:19:17]} 19. Re3 {[%clk
1:15:02]} f6 {[%clk 1:14:52]} 20. Rae1 {[%clk 1:12:32]} Kf8 {[%clk 1:14:06]}
21. Nd4 {[%clk 1:04:01]} Rb8 {[%clk 1:12:39]} 22. Nb5 {[%clk 0:58:13]} Bd7
{[%clk 1:09:22]} 23. Nxc7 {[%clk 0:55:20]} Nf5 {[%clk 1:07:58]} 24. Ne6+ Bxe6
{[%clk 1:03:44]} 25. Rxe6 {[%clk 0:53:07]} Rxe6 {[%clk 1:02:13]} 26. dxe6
{[%clk 0:53:27]} Nh4 {[%clk 1:00:26]} 27. g3 {[%clk 0:48:26]} Qg4 {[%clk
0:56:20]} 28. e7+ {[%clk 0:47:33]} Ke8 {[%clk 0:46:44]} 29. Qb5+ {[%clk
0:46:15]} Qd7 {[%clk 0:46:59]} 30. Qh5+ {[%clk 0:44:46]} Ng6 {[%clk 0:46:19]}
31. Qxh7 {[%clk 0:44:31]} Kf7 {[%clk 0:46:04]} 32. Qh5 {[%clk 0:44:02]} Qc6
{[%clk 0:44:32]} 33. Bxf6 {[%clk 0:43:09]} Kxf6 {[%clk 0:42:23]} 34. Qg4 {[%clk
0:41:40]} Ne5 {[%clk 0:40:56]} 35. Qh4+ {[%clk 0:40:21]} g5 {[%clk 0:40:28]}
36. Qh6+ {[%clk 0:40:09]} Kxe7 {[%clk 0:37:28]} 37. Qxg5+ {[%clk 0:40:09]} Kd7
{[%clk 0:37:08]} 38. Qg7+ {[%clk 0:39:53]} Kc8 {[%clk 0:37:16]} 39. Rc1 {[%clk
0:38:04]} Nf3+ {[%clk 0:36:16]} 40. Kg2 {[%clk 0:36:10]} Ng5+ {[%clk 0:35:12]}
41. Kg1 {[%clk 0:35:30]} Nh3+ {[%clk 0:34:57]} 42. Kf1 {[%clk 0:35:27]} Qh1+
{[%clk 0:34:25]} 43. Ke2 {[%clk 0:35:49]} Qxc1 {[%clk 0:34:30]} 44. Qf8+ {[%clk
0:34:49]} Kc7 {[%clk 0:33:53]} 45. Qf7+ {[%clk 0:34:50]} Kb6 {[%clk 0:33:43]}
46. c5+ {[%clk 0:34:48]} Qxc5 {[%clk 0:33:43]} 0-1

[Event "DVM U12 2018"]
[Site "Magdeburg GER"]
[Date "2018.12.29"]
[Round "6"]
[White "Nitsche, Nikolai"]
[Black "Gutewort, Paul Emil"]
[Result "1-0"]
[Termination "normal"]
[Board "2.1"]
[WhiteElo "1695"]
[BlackElo "1635"]
[WhiteClock "00:41:37"]
[BlackClock "00:02:48"]
[WhiteTeam "SV Empor Berlin"]
[BlackTeam "SF Nordost Berlin"]
[PlyCount "65"]
[WhiteFideId "16221036"]
[BlackFideId "16204182"]
[EventCountry "GER"]
[EventRounds "7"]
[EventType "team-swiss"]
[EventDate "2018.12.26"]

1. Nf3 {[%clk 1:30:46]} Nf6 {[%clk 1:26:06]} 2. d4 {[%clk 1:29:08]} g6 {[%clk
1:26:29]} 3. Bf4 {[%clk 1:29:28]} Bg7 {[%clk 1:26:53]} 4. h3 {[%clk 1:29:51]}
d6 {[%clk 1:27:16]} 5. e3 {[%clk 1:30:17]} O-O {[%clk 1:27:33]} 6. Be2 {[%clk
1:30:29]} Nc6 {[%clk 1:27:56]} 7. O-O {[%clk 1:30:31]} Nd7 {[%clk 1:27:58]} 8.
c4 {[%clk 1:30:41]} e5 {[%clk 1:27:22]} 9. Bh2 {[%clk 1:31:02]} Qe8 {[%clk
1:25:56]} 10. Nc3 {[%clk 1:31:01]} h6 {[%clk 1:25:12]} 11. Rb1 {[%clk 1:23:25]}
f5 {[%clk 1:21:55]} 12. b4 {[%clk 1:21:44]} e4 {[%clk 1:20:34]} 13. Ne1 {[%clk
1:20:11]} Nf6 {[%clk 1:20:11]} 14. c5 {[%clk 1:19:00]} Qe7 {[%clk 1:17:31]} 15.
b5 {[%clk 1:10:50]} Nd8 {[%clk 1:15:50]} 16. b6 axb6 {[%clk 1:08:22]} 17. cxd6
{[%clk 1:08:50]} cxd6 {[%clk 1:08:46]} 18. Rxb6 {[%clk 1:09:09]} Nf7 {[%clk
1:06:16]} 19. Bc4 {[%clk 1:06:30]} Rd8 {[%clk 0:59:40]} 20. Qb3 {[%clk
1:05:25]} Ne8 {[%clk 0:28:57]} 21. Nd5 {[%clk 1:01:11]} Qf8 {[%clk 0:23:14]}
22. Nf4 {[%clk 1:00:25]} Bf6 {[%clk 0:17:23]} 23. Be6 {[%clk 0:55:46]} g5
{[%clk 0:11:53]} 24. Bxc8 {[%clk 0:55:31]} Rdxc8 {[%clk 0:11:41]} 25. Nd5
{[%clk 0:53:39]} Kg7 {[%clk 0:09:10]} 26. Rxb7 {[%clk 0:51:21]} Ra6 {[%clk
0:08:56]} 27. f3 {[%clk 0:42:33]} exf3 {[%clk 0:08:15]} 28. Rxf3 {[%clk
0:42:46]} Rc1 {[%clk 0:07:38]} 29. Kf1 {[%clk 0:41:51]} Kg6 {[%clk 0:06:39]}
30. Qd3 {[%clk 0:41:33]} Rxa2 {[%clk 0:06:38]} 31. Qxf5+ {[%clk 0:41:18]} Kg7
{[%clk 0:06:58]} 32. Nxf6 {[%clk 0:41:37]} Nc7 {[%clk 0:02:48]} 33. Qh7# 1-0

[Event "DVM U12 2018"]
[Site "Magdeburg GER"]
[Date "2018.12.29"]
[Round "6"]
[White "Reichmann, Felix"]
[Black "Freude, Max"]
[Result "1-0"]
[Termination "normal"]
[Board "2.2"]
[WhiteElo "1640"]
[BlackElo "1440"]
[WhiteClock "00:42:10"]
[BlackClock "00:02:24"]
[WhiteTeam "SF Nordost Berlin"]
[BlackTeam "SV Empor Berlin"]
[PlyCount "81"]
[WhiteFideId "16238290"]
[BlackFideId "16236157"]
[EventCountry "GER"]
[EventRounds "7"]
[EventType "team-swiss"]
[EventDate "2018.12.26"]

1. c4 {[%clk 1:30:59]} c5 {[%clk 1:30:40]} 2. g3 {[%clk 1:31:14]} g6 {[%clk
1:31:06]} 3. Bg2 {[%clk 1:31:40]} Bg7 {[%clk 1:31:27]} 4. Nc3 {[%clk 1:32:04]}
Nc6 {[%clk 1:31:33]} 5. a3 {[%clk 1:32:29]} d6 {[%clk 1:23:21]} 6. Rb1 {[%clk
1:31:21]} a6 {[%clk 1:17:59]} 7. d3 {[%clk 1:27:27]} e5 {[%clk 1:17:11]} 8. Bd2
{[%clk 1:26:49]} Nge7 {[%clk 1:14:32]} 9. e3 {[%clk 1:25:56]} O-O {[%clk
1:08:52]} 10. Nge2 {[%clk 1:25:57]} Bf5 {[%clk 1:06:08]} 11. e4 {[%clk
1:26:09]} Be6 {[%clk 1:06:00]} 12. O-O {[%clk 1:26:06]} f5 {[%clk 1:05:58]} 13.
Nd5 {[%clk 1:24:41]} Bxd5 {[%clk 0:56:37]} 14. cxd5 {[%clk 1:24:02]} Nd4 {[%clk
0:54:34]} 15. Nxd4 {[%clk 1:22:35]} cxd4 {[%clk 0:53:59]} 16. f4 {[%clk
1:20:23]} Qd7 {[%clk 0:49:00]} 17. Qb3 {[%clk 1:18:24]} Rac8 {[%clk 0:43:09]}
18. Rbc1 {[%clk 1:08:27]} Rfe8 {[%clk 0:36:50]} 19. Qb6 {[%clk 1:03:48]} Red8
{[%clk 0:31:36]} 20. Ba5 {[%clk 0:59:11]} Rxc1 {[%clk 0:25:27]} 21. Rxc1 {[%clk
0:58:08]} Rc8 {[%clk 0:25:40]} 22. Rc7 {[%clk 0:53:07]} Rxc7 {[%clk 0:19:40]}
23. Qxc7 {[%clk 0:52:32]} Qxc7 {[%clk 0:17:52]} 24. Bxc7 {[%clk 0:52:53]} fxe4
{[%clk 0:11:57]} 25. dxe4 {[%clk 0:50:43]} exf4 {[%clk 0:10:06]} 26. gxf4
{[%clk 0:50:44]} d3 {[%clk 0:07:43]} 27. Bxd6 {[%clk 0:47:56]} Bd4+ {[%clk
0:05:22]} 28. Kf1 {[%clk 0:47:16]} Kf7 {[%clk 0:05:14]} 29. b3 {[%clk 0:44:09]}
Nc8 {[%clk 0:03:21]} 30. Bc7 {[%clk 0:43:17]} Nb6 {[%clk 0:02:31]} 31. Bh3
{[%clk 0:41:18]} Ke8 {[%clk 0:02:32]} 32. d6 {[%clk 0:40:45]} Nd7 {[%clk
0:02:34]} 33. e5 {[%clk 0:39:47]} Nc5 {[%clk 0:01:25]} 34. e6 {[%clk 0:39:37]}
Bf6 {[%clk 0:01:27]} 35. d7+ {[%clk 0:39:51]} Kf8 {[%clk 0:01:30]} 36. Bd6+
{[%clk 0:40:11]} Kg7 {[%clk 0:01:35]} 37. Bxc5 {[%clk 0:40:29]} d2 {[%clk
0:01:31]} 38. Ke2 {[%clk 0:40:55]} d1=Q+ {[%clk 0:01:45]} 39. Kxd1 {[%clk
0:41:19]} b5 {[%clk 0:02:03]} 40. e7 {[%clk 0:41:45]} Bxe7 {[%clk 0:02:24]} 41.
Bxe7 {[%clk 0:42:10]} 1-0

[Event "DVM U12 2018"]
[Site "Magdeburg GER"]
[Date "2018.12.29"]
[Round "6"]
[White "Monninkhoff, Yari"]
[Black "Duduka, Artem"]
[Result "1/2-1/2"]
[Termination "normal"]
[Board "2.3"]
[WhiteElo "1207"]
[BlackElo "1589"]
[WhiteClock "00:57:33"]
[BlackClock "01:01:10"]
[WhiteTeam "SV Empor Berlin"]
[BlackTeam "SF Nordost Berlin"]
[PlyCount "46"]
[WhiteFideId "16236149"]
[BlackFideId "14194805"]
[EventCountry "GER"]
[EventRounds "7"]
[EventType "team-swiss"]
[EventDate "2018.12.26"]

1. e4 {[%clk 1:30:56]} e5 {[%clk 1:30:13]} 2. Nf3 {[%clk 1:30:48]} Nc6 {[%clk
1:29:52]} 3. Bc4 {[%clk 1:30:40]} Be7 {[%clk 1:29:04]} 4. c3 {[%clk 1:29:17]}
Nf6 {[%clk 1:26:37]} 5. d3 {[%clk 1:28:54]} O-O {[%clk 1:26:29]} 6. O-O {[%clk
1:29:01]} d6 {[%clk 1:25:39]} 7. h3 {[%clk 1:27:04]} Na5 {[%clk 1:22:35]} 8.
Bb5 {[%clk 1:23:19]} Bd7 {[%clk 1:21:13]} 9. Bxd7 {[%clk 1:22:50]} Qxd7 {[%clk
1:21:18]} 10. Be3 {[%clk 1:22:48]} Nc6 {[%clk 1:21:31]} 11. Nbd2 {[%clk
1:22:24]} d5 {[%clk 1:19:31]} 12. exd5 {[%clk 1:14:47]} Nxd5 {[%clk 1:17:49]}
13. d4 {[%clk 1:13:25]} Nxe3 {[%clk 1:16:29]} 14. fxe3 {[%clk 1:13:12]} exd4
{[%clk 1:16:51]} 15. exd4 {[%clk 1:11:39]} Rfe8 {[%clk 1:13:30]} 16. Re1 {[%clk
1:07:05]} Bd6 {[%clk 1:12:48]} 17. Ne4 {[%clk 1:00:40]} h6 {[%clk 1:02:31]} 18.
Nxd6 {[%clk 0:58:35]} Qxd6 {[%clk 1:02:45]} 19. Qd2 {[%clk 0:58:12]} Qg3 {[%clk
1:00:29]} 20. Qf2 {[%clk 0:57:45]} Qxf2+ {[%clk 1:00:38]} 21. Kxf2 Kf8 22.
Rxe8+ {[%clk 0:57:15]} Rxe8 {[%clk 1:00:56]} 23. Re1 {[%clk 0:57:33]} Rxe1
{[%clk 1:01:10]} 1/2-1/2